[Event "Asbestos Gourmands Festival"]
[Site "Asbestos"]
[Date "1992.08.14"]
[Round "1"]
[White "Cormier, Gilles"]
[Black "Gozzi, Carlo"]
[Result "0-1"]
[WhiteElo "1750"]
[BlackElo "1750"]
[PlyCount "66"]
[EventDate "1992.08.14"]
[EventType "swiss"]
[EventRounds "5"]
[EventCountry "CAN"]
[SourceTitle "EXT 2022"]
[Source "ChessBase"]
[SourceDate "2021.10.06"]
[SourceVersion "1"]
[SourceVersionDate "2021.10.06"]
[SourceQuality "1"]

1. c4 g6 2. Nc3 Bg7 3. d4 Nf6 4. e4 d6 5. Nf3 0-0 6. Be2 e5 7. 0-0 Nc6 8. d5 Ne7 9. Ne1 Nd7 10. Nd3 f5 11. Bd2 Nf6 12. f3 f4 13. Rc1 g5 14. c5 Ng6 15. cxd6 cxd6 16. Nb5 Ne8 17. a4 Rf7 18. Nf2 h5 19. Rc3 Bf8 20. Qc2 Rg7 21. Nxa7 Bd7 22. Nb5 Nh4 23. Qb3 g4 24. fxg4 hxg4 25. g3 f3 26. Bd1 Rh7 27. Nxg4 Bxg4 28. gxh4 Qxh4 29. Rf2 Rg7 30. Be3 Bh3+ 31. Kh1 Qg4 32. Rd2 Qg1+ 33. Bxg1 Bg2+ 0-1